[Event "WEM-KT 2018"]
[Site "Illertissen"]
[Date "2018.08.31"]
[Round "7"]
[White "Anistratov, Dmitriy"]
[Black "Jakob, Georg"]
[Result "1-0"]
[WhiteElo "2279"]
[BlackElo "2084"]
[Annotator "TA"]
[PlyCount "73"]
[EventDate "2018.08.25"]
[EventType "tourn"]
[EventCountry "GER"]
[SourceTitle "playchess.com"]
[Source "ChessBase"]
[SourceQuality "1"]

{[%evp 15,73,-19,-9,-45,-32,-13,14,5,35,27,66,61,111,70,94,41,131,31,114,122,117,46,129,130,129,81,59,96,85,7,118,115,116,141,133,100,111,77,93,70,164,177,299,226,466,464,822,774,869,829,2051,1763,29988,29989,29994,29993,29993,29994,29997,29993]} 1. g3 c5 2. Bg2 g6 3. c4 Bg7 4. Nc3 Nc6 5. Nh3 e5 6. O-O Nge7 7. f4 d6 8. d3 O-O {LiveBook: 9 Games} 9. Nd5 {A36: Symmetrical English vs ...g6: 4 Bg2 Bg7} (9. fxe5 dxe5 10. Ng5 h6 11. Nf3 Be6 12. e4 Bg4 13. Be3 Nd4 14. Qd2 Bxf3 15. Bxf3 Kh7 16. Bg2 Qd7 {½-½ (58) Nepomniachtchi,I (2714)-Aronian,L (2797) Beijing 2014}) 9... Nxd5 $146 ({Predecessor:} 9... Rb8 10. Ng5 f5 11. e4 Nd4 12. Nxe7+ Qxe7 13. exf5 Nxf5 14. g4 exf4 15. gxf5 Qxg5 16. Bxf4 Qe7 {½-½ (26) Vrbata,Z (2335)-Hausner,I (2445) Prague 1989}) 10. cxd5 Ne7 11. e4 {The position is equal.} Bd7 12. Rb1 b5 13. fxe5 dxe5 14. Be3 c4 15. Rc1 (15. dxc4 $16 {Black must now prevent c5.} bxc4 16. Qd2) 15... Rb8 (15... Nc8 $14) 16. a3 (16. Bxa7 $16 Ra8 17. Bc5) 16... Qc8 (16... Nc8 $14) 17. Nf2 $16 ({Not} 17. Bxa7 Rb7 $17) 17... Qa6 18. Qd2 (18. b3 $16) 18... f5 (18... Nc8 $1 $14) 19. Qb4 Rfe8 20. Bg5 Bf8 21. Qd2 Nc8 {[#]} 22. Bh6 (22. exf5 $1 $16 gxf5 23. Bh3) 22... f4 (22... Nd6 $11) 23. Bxf8 Rxf8 {[#]} 24. gxf4 $1 Rxf4 25. d4 Qf6 26. dxe5 Qxe5 27. Qc3 $36 {[%mdl 2048] White has some pressure.} Qg5 (27... Qxc3 $1 $14 28. Rxc3 Kg7) 28. Qg3 $18 Qf6 (28... h6 $142 29. Rfe1 Nb6) 29. Rce1 Nb6 $2 (29... Qe5 30. Ng4 Rxf1+ 31. Rxf1 Qxg3 32. Nf6+ Kg7 33. hxg3 Nb6) 30. e5 {[%cal Be4e5,Be5e6][%mdl 32]} Qf8 (30... Qh4 $142 31. e6 Be8) 31. e6 Be8 32. Ng4 {[%cal Bf2g4,Bg4f6,Bf6d7][%mdl 32]} Qc5+ 33. Kh1 Rxf1+ 34. Rxf1 {White mates.} Rd8 35. Qe5 {[%cal Rg4h6]} h5 36. Nf6+ Kf8 37. Nd7+ {Precision: White = 50%, Black = 19%.} 1-0

[Event "WEM-KT 2018"]
[Site "Illertissen"]
[Date "2018.08.31"]
[Round "7"]
[White "Schulz, Volker"]
[Black "Handel, Oliver"]
[Result "0-1"]
[WhiteElo "2169"]
[BlackElo "1839"]
[Annotator "NA"]
[PlyCount "92"]
[EventDate "2018.08.25"]
[EventType "tourn"]
[EventCountry "GER"]
[SourceTitle "playchess.com"]
[Source "ChessBase"]
[SourceQuality "1"]
[TimeControl "40/6000+30:3000+30"]

{[%evp 13,85,-5,-14,-17,45,0,22,-12,-16,-19,-9,-30,4,0,19,14,50,42,48,35,55,34,47,6,37,31,18,0,19,-20,63,32767,32767,-98,32767,32767,-220,-222,-219,-222,-225,32767,-237,-247,-231,-615,-234,-290,-266,-332,-340,-470,-321,-324,-326,-415,-424,-410,-475,32767,-487,-840,-428,-400,32767,-407,-456,-565,-718,-912,-557,-606,-693,-1343]} 1. e4 {[%emt 0:09:35]} e5 {[%emt 0:10:15]} 2. Nf3 {[%emt 0:00:07]} Nc6 {[%emt 0:00:05]} 3. Bc4 {[%emt 0:00:11]} Bc5 {[%emt 0:00:24]} 4. b4 {[%emt 0:00:14]} Bxb4 {[%emt 0:01:44]} 5. c3 {[%emt 0:00:06]} Ba5 {[%emt 0:00:08]} 6. d4 {[%emt 0:00:39]} exd4 {[%emt 0:09:08]} 7. Qb3 {[%emt 0:01:40]} Qe7 {[%emt 0:05:08]} 8. O-O $1 {[%emt 0:00:39]} d6 {[%emt 0:10:43] LiveBook: 5 Games} 9. cxd4 {[%emt 0:07:51] C52: Evans Gambit Accepted: 5 c3 Ba5} Bb6 $1 {[%emt 0:00:34]} 10. Bb2 {[%emt 0:00:54]} (10. Bb5 Bd7 11. d5 Nb8 12. Bc4 Bg4 13. Bb2 f6 14. a4 a5 15. Nd4 Nd7 16. Qg3 Bxd4 17. Bxd4 {1-0 (62) Antal,G (2549)-Abramciuc,M (2357) Arad 2018}) 10... Na5 {[%emt 0:01:47]} 11. Qc3 {[%emt 0:02:24]} Nxc4 {[%emt 0:04:25]} 12. Qxc4 {[%emt 0:00:03]} Bg4 {[%emt 0:05:52]} 13. Nbd2 {[%emt 0:01:31]} Nh6 {[%emt 0:03:31]} 14. a4 $146 {[%emt 0:06:10]} ({Predecessor:} 14. e5 O-O 15. Rfe1 Qd7 16. d5 Qf5 {0-1 (51) Cernousek,L (1640)-Soukup,J (1870) Svetla nad Sazavou 1995}) 14... a6 {[%emt 0:03:42]} 15. a5 {[%emt 0:00:45]} Ba7 {[%emt 0:00:07]} 16. Rac1 {[%emt 0:08:42]} Rc8 {[%emt 0:01:29]} 17. Qb3 {[%emt 0:08:23]} Rb8 {[%emt 0:02:31]} 18. Qc3 {[%emt 0:00:45]} Rc8 {[%emt 0:00:58]} 19. Rfe1 {[%emt 0:04:00]} O-O $1 {[%emt 0:01:29]} 20. Nc4 {[%emt 0:02:50]} Bd7 {[%emt 0:07:14]} 21. Ba3 {[%emt 0:09:08]} Qe6 {[%emt 0:10:15]} (21... Rfe8 $11) 22. d5 {[%emt 0:04:28]} Qg6 {[%emt 0:02:27] [#]} 23. e5 {[%emt 0:04:53]} (23. Nce5 $1 $11 {[%mdl 512]} dxe5 24. Bxf8) 23... Rfe8 {[%emt 0:02:12]} 24. Qb4 {[%emt 0:03:50] [#]} Ng4 $1 {[%emt 0:03:32]} 25. Ne3 {[%emt 0:01:55]} Nxe5 {[%emt 0:02:00]} 26. Nxe5 {[%emt 0:01:16]} Rxe5 {[%emt 0:00:26]} ({Inferior is} 26... dxe5 27. Qxb7 Bd4 28. d6 $11) 27. Qxb7 {[%emt 0:01:16]} Bxe3 {[%emt 0:01:48]} 28. fxe3 {[%emt 0:00:13]} Bh3 {[%emt 0:00:33]} 29. Qb2 $2 {[%emt 0:01:14] [#]} (29. Re2) 29... Rxd5 $2 {[%emt 0:01:21]} (29... Bxg2 $1 {[%mdl 512]} 30. Qxg2 Rg5) 30. Kh1 {[%emt 0:01:41]} Qe4 {[%emt 0:01:46]} 31. Qe2 {[%emt 0:02:35]} Rxa5 {[%emt 0:00:51]} 32. Rc4 {[%emt 0:01:10]} (32. Rc3 {might work better.}) 32... Qb7 {[%emt 0:01:23]} 33. Bc1 {[%emt 0:04:09]} Be6 {[%emt 0:02:22]} 34. Rh4 {[%emt 0:00:54]} Ra2 {[%emt 0:01:31]} 35. Bd2 {[%emt 0:01:15]} c5 {[%emt 0:01:19]} 36. Qd3 {[%emt 0:00:19]} g6 {[%emt 0:01:38]} 37. Qxd6 {[%emt 0:00:33]} (37. Rg1 $142) 37... Bd5 {[%emt 0:01:14]} 38. e4 {[%emt 0:00:21]} Rxd2 {[%emt 0:00:18]} 39. exd5 {[%emt 0:01:13]} Rxd5 {[%emt 0:00:14]} 40. Qg3 {[%emt 0:06:11]} c4 {[%emt 0:02:15]} 41. Rhe4 {[%emt 0:52:23]} Qc6 {[%emt 0:52:57]} 42. Qf2 {[%emt 0:09:32] [#]} Rd1 $1 {[%emt 0:04:46]} 43. Qc2 $19 {[%emt 0:00:00]} Rxe1+ {[%emt 0:00:00]} 44. Rxe1 {[%emt 0:00:00]} c3 {[%emt 0:00:00]} 45. h3 {[%emt 0:00:00]} Rd8 {[%emt 0:00:00]} 46. Qb3 {[%emt 0:00:00]} c2 {[%emt 0:00:00]} 0-1

[Event "WEM-KT 2018"]
[Site "Illertissen"]
[Date "2018.08.31"]
[Round "7"]
[White "Engelhart, Achim"]
[Black "Laengl, Juergen"]
[Result "1/2-1/2"]
[WhiteElo "2126"]
[BlackElo "2223"]
[Annotator "ChessBase"]
[PlyCount "116"]
[EventDate "2018.08.25"]
[EventType "tourn"]
[EventCountry "GER"]
[SourceTitle "playchess.com"]
[Source "ChessBase"]
[SourceQuality "1"]
[TimeControl "40/6000+30:3000+30"]

1. e4 {[%emt 0:09:32]} e6 {[%emt 0:09:41]} 2. d4 {[%emt 0:00:07]} d5 {[%emt 0:00:06]} 3. Nd2 {[%emt 0:00:05]} Nc6 {[%emt 0:00:09]} 4. Ngf3 {[%emt 0:00:08]} Nf6 {[%emt 0:00:11]} 5. e5 {[%emt 0:00:07]} Ng4 {[%emt 0:00:17]} 6. h3 {[%emt 0:14:44]} Nh6 {[%emt 0:02:47]} 7. Be2 {[%emt 0:00:26]} f6 {[%emt 0:00:30]} 8. exf6 {[%emt 0:01:08]} Qxf6 {[%emt 0:00:11]} 9. Nf1 {[%emt 0:01:46]} Nf7 {[%emt 0:02:24]} 10. Ne3 {[%emt 0:01:36]} Bd7 {[%emt 0:26:47]} 11. Ng4 {[%emt 0:24:47]} Qe7 {[%emt 0:00:19]} 12. c3 {[%emt 0:08:54]} Qd6 {[%emt 0:16:28]} 13. g3 {[%emt 0:01:09]} h5 {[%emt 0:09:56]} 14. Bf4 {[%emt 0:01:18]} hxg4 {[%emt 0:04:43]} 15. Bxd6 {[%emt 0:00:05]} gxf3 {[%emt 0:00:07]} 16. Bxf8 {[%emt 0:00:34]} fxe2 {[%emt 0:00:08]} 17. Qxe2 {[%emt 0:00:19]} Rxf8 {[%emt 0:00:15]} 18. O-O-O {[%emt 0:03:24]} O-O-O {[%emt 0:00:10]} 19. f4 {[%emt 0:03:07]} Nd6 {[%emt 0:01:58]} 20. h4 {[%emt 0:04:30]} Ne4 {[%emt 0:00:09]} 21. Rdg1 {[%emt 0:00:40]} Ne7 {[%emt 0:06:41]} 22. h5 {[%emt 0:02:25]} c5 {[%emt 0:00:19]} 23. dxc5 {[%emt 0:00:46]} e5 {[%emt 0:06:05]} 24. fxe5 {[%emt 0:03:21]} Rf2 {[%emt 0:00:20]} 25. Qd1 {[%emt 0:03:38]} Bb5 {[%emt 0:02:32]} 26. h6 {[%emt 0:05:32]} gxh6 {[%emt 0:00:12]} 27. Rxh6 {[%emt 0:00:05]} Nxc5 {[%emt 0:05:16]} 28. Qg4+ {[%emt 0:03:10]} Nf5 {[%emt 0:03:46]} 29. Rf6 {[%emt 0:02:19]} Bd3 {[%emt 0:02:31]} 30. Rh1 {[%emt 0:09:07]} Kb8 {[%emt 0:02:25]} 31. Rxf5 {[%emt 0:02:24]} Bxf5 {[%emt 0:00:24]} 32. Qg7 {[%emt 0:00:56]} Ne6 {[%emt 0:06:11]} 33. Qf6 {[%emt 0:01:55]} d4 {[%emt 0:00:36]} 34. Rh8 {[%emt 0:00:42]} Rf1+ {[%emt 0:00:07]} 35. Kd2 {[%emt 0:00:07]} dxc3+ {[%emt 0:00:24]} 36. Kxc3 {[%emt 0:00:21]} Rf3+ {[%emt 0:01:44]} 37. Kb4 {[%emt 0:00:10]} a5+ {[%emt 0:00:45]} 38. Kxa5 {[%emt 0:00:32]} Rxh8 {[%emt 0:00:05]} 39. Qxh8+ {[%emt 0:00:02]} Ka7 {[%emt 0:00:04]} 40. Qh4 {[%emt 0:02:11]} Re3 {[%emt 0:01:14]} 41. Qf6 {[%emt 0:23:46]} Rf3 {[%emt 0:34:28]} 42. b3 {[%emt 0:04:39]} Bg4 {[%emt 0:00:13]} 43. Qh4 {[%emt 0:00:47]} Bf5 {[%emt 0:01:33]} 44. Qf6 {[%emt 0:00:10]} Bg4 {[%emt 0:00:27]} 45. Qh4 {[%emt 0:02:45]} b6+ {[%emt 0:01:20]} 46. Kb4 {[%emt 0:00:15]} Bf5 {[%emt 0:02:05]} 47. Ka3 {[%emt 0:01:00]} Nc5 {[%emt 0:03:25]} 48. g4 {[%emt 0:00:51]} Be6 {[%emt 0:02:14]} 49. Qe7+ {[%emt 0:02:49]} Ka6 {[%emt 0:00:36]} 50. g5 {[%emt 0:00:50]} Rg3 {[%emt 0:01:15]} 51. Kb2 {[%emt 0:02:25]} Rg2+ {[%emt 0:00:43]} 52. Ka3 {[%emt 0:00:26]} Rg3 {[%emt 0:00:13]} 53. Kb2 {[%emt 0:00:01]} Rg2+ {[%emt 0:01:46]} 54. Ka3 {[%emt 0:00:01]} Rg3 {[%emt 0:00:56]} 55. Qe8 {[%emt 0:00:41]} Rxg5 {[%emt 0:00:35]} 56. Qa8+ {[%emt 0:00:05]} Kb5 {[%emt 0:00:01]} 57. Qe8+ {[%emt 0:00:04]} Ka6 {[%emt 0:00:09]} 58. Qe7 Rg4 {[%emt 0:00:01]} 1/2-1/2

[Event "WEM-KT 2018"]
[Site "Illertissen"]
[Date "2018.08.31"]
[Round "7"]
[White "Gabriel, Josef"]
[Black "Klaiss, Thomas"]
[Result "0-1"]
[WhiteElo "2124"]
[BlackElo "2021"]
[Annotator "TA"]
[PlyCount "88"]
[EventDate "2018.08.25"]
[EventType "tourn"]
[EventCountry "GER"]
[SourceTitle "playchess.com"]
[Source "ChessBase"]
[SourceQuality "1"]

{[%evp 9,88,-6,-10,-16,0,-14,-20,-6,-7,-8,-9,-19,-19,-12,-14,-13,-7,-12,0,0,0,0,0,-17,27,-9,14,-8,-16,-23,0,0,0,3,30,0,4,-143,-147,-360,-93,-103,-124,-122,-106,-207,-143,-147,-107,-199,-58,-69,-12,-25,-20,-65,-70,-103,-104,-399,-362,-933,-862,-873,-856,-853,-681,-667,-660,-29971,-7722,-6321,-6321,-6213,-6187,-5181,-5193,-29996,-29997,-29997,-29997]} 1. e4 e5 2. Nf3 Nf6 3. d4 Nxe4 4. Nxe5 d5 5. Qe2 (5. Bd3 Nd7 6. Nxf7 Kxf7 7. Qh5+ Ke6 8. Qe2 Kf7 9. Qh5+ Ke6 10. Qe2 Kf7 11. Qh5+ Ke6 {½-½ (11) Zubov,A (2606)-Rakhmanov,A (2652) Dubai 2018}) 5... Be7 6. Nd2 {C43: Petroff Defence: 3 d4} Nf6 7. g3 $146 ({Predecessor:} 7. h3 O-O 8. Ndf3 c5 9. Be3 cxd4 10. Bxd4 Nc6 11. Qe3 Re8 12. Bd3 Bd6 13. O-O Nxe5 {0-1 (13) Sokolov,Y (1787)-Fomichev,S (2048) Zelenograd 2017}) 7... O-O 8. Bg2 {The position is equal.} c5 9. O-O cxd4 10. Nb3 Nc6 11. Nxc6 bxc6 12. Nxd4 Bd7 13. Bf4 Bc5 14. Nb3 Bb6 15. c4 Re8 16. Qc2 Be6 17. Rad1 Qc8 18. cxd5 (18. c5 {feels hotter.} Bc7 19. Bxc7 Qxc7 20. Rfe1 a5 21. Nd4) 18... Bxd5 19. Nd4 Qa6 20. Nxc6 Bxg2 21. Kxg2 Qxa2 22. Be5 Ng4 $1 {[%cal Rg4e5]} 23. Bd6 {[#]} (23. Bd4 $11) 23... Bxf2 $1 $17 24. Kf3 $2 (24. Bf4 $17 Be3 25. h3 Bxf4 26. hxg4) 24... Nxh2+ $2 (24... Ne3 $19 {has better winning chances.} 25. Qb1 Qxb1 26. Rxb1 Nxf1 27. Rxf1 Bb6 28. Ne7+ Kh8) 25. Kxf2 {aiming for Rh1.} Nxf1 26. Kxf1 Qe6 {Strongly threatening ...Rac8.} 27. b4 (27. Kg1 $17 {was worth a try.}) 27... a6 {Hoping for ...Rac8.} 28. Qd3 h6 29. Rc1 (29. Qd5 $17) 29... Qh3+ ({Black should try} 29... Qf6+ $19 30. Kg1 Re6) 30. Kg1 $15 Qh5 (30... Qd7 $15 31. Qd5 Qb7) 31. Ne7+ $11 Kh8 32. Rc5 Qg4 $1 33. Rf5 Rad8 $36 {[%mdl 2048] Black is on the roll.} 34. Rxf7 $2 {[%mdl 8192] [#]} (34. Re5 $17) 34... Qe6 $1 $19 {[%cal Re6f7]} 35. Ng6+ $2 (35. Qg6 Qxg6 36. Nxg6+ Kh7 37. Be5 Kxg6 38. Rxg7+ Kf5 39. Bc7) 35... Kg8 36. Re7 Rxe7 37. Nxe7+ {[#]} Qxe7 $1 {[%mdl 4608] Endgame KQR-KQB} 38. Qc4+ (38. Bxe7 Rxd3) 38... Qf7 39. Qc5 Qe6 40. Bf4 Rd1+ 41. Kf2 Qe1+ 42. Kf3 Qf1+ 43. Ke3 Qd3+ 44. Kf2 Rf1+ {Precision: White = 31%, Black = 51%.} 0-1

[Event "WEM-KT 2018"]
[Site "Illertissen"]
[Date "2018.08.31"]
[Round "7"]
[White "Gustain, Marc"]
[Black "Namyslo, Holger"]
[Result "1/2-1/2"]
[WhiteElo "2102"]
[BlackElo "2275"]
[Annotator "TA"]
[PlyCount "74"]
[EventDate "2018.08.25"]
[EventType "tourn"]
[EventCountry "GER"]
[SourceTitle "playchess.com"]
[Source "ChessBase"]
[SourceQuality "1"]

{[%evp 15,74,25,42,37,33,19,50,41,30,7,32,11,27,0,0,0,15,-44,-56,-59,-39,-34,0,0,0,-50,-46,-43,-33,-31,-38,-48,-52,-143,-26,-168,78,73,73,70,106,-220,62,0,0,-22,0,0,0,0,0,0,63,57,136,77,87,87,100,114,134]} 1. e4 c5 2. Nc3 d6 3. d4 cxd4 4. Qxd4 Nc6 5. Qd2 Nf6 6. b3 {B23: Closed Sicilian: Lines without g3} g6 7. Bb2 Bg7 8. O-O-O O-O {LiveBook: 4 Games} 9. f3 (9. Kb1 Qa5 10. Nge2 e5 11. f3 {½-½ (41) Nakamura,H (2769)-Vachier Lagrave,M (2789) Stavanger 2018}) 9... Qa5 10. Kb1 a6 $146 ({Predecessor:} 10... Be6 11. Nge2 {1-0 (53) Kotronias,V (2509)-Grinberg,E (2452) Budapest 2018}) 11. h4 h5 12. Nh3 Bd7 13. Ng5 b5 14. Bd3 b4 15. Ne2 Ne5 16. f4 (16. Nc1 $11) 16... Nxd3 $15 17. cxd3 Bg4 18. Rc1 Rfc8 19. Nd4 Qb6 20. Rxc8+ Rxc8 21. Rc1 Rxc1+ 22. Qxc1 Bd7 $1 23. Qc4 e6 24. f5 (24. Nc2 $15) 24... d5 (24... gxf5 $17 {aiming for ...d5.} 25. exf5 d5) 25. Qc1 (25. exd5 $11 exd5 26. Qc1) 25... Ng4 $2 {[#]} ({Much weaker is} 25... exf5 $6 26. exf5 Ng4 27. Qf4 $11) (25... gxf5 $19 {[%cal Rd5e4]} 26. exf5 e5) 26. fxe6 $1 $16 fxe6 27. Qf4 Nh6 {[#] White must now prevent ...e5.} 28. exd5 $2 {[%mdl 8192]} (28. Ndxe6 $1 $16 {[%mdl 512]} Bxe6 29. Bxg7 Qg1+ 30. Qc1 Qxc1+ 31. Kxc1 Kxg7 32. Nxe6+ Kf6 33. Nc7 (33. exd5 Nf5 $16) 33... dxe4 34. Nxa6 (34. dxe4 a5 $11)) 28... exd5 $2 (28... e5 $19 29. Qg3 exd4) 29. Qf3 ({White should try} 29. Nc2 $14) 29... Qd6 $11 30. a3 a5 31. axb4 axb4 32. Nc2 Bxb2 33. Kxb2 Bf5 ({Black should play} 33... Kg7 $11) 34. Qe3 $36 {[%mdl 2048] White fights for an advantage.} Kg7 (34... Bd7 $14) 35. Qd4+ (35. Qa7+ $142 Bd7 36. Nf3) 35... Qf6 $16 {White is better.} 36. Qxf6+ Kxf6 37. Nxb4 Ke5 {Precision: White = 35%, Black = 30%.} 1/2-1/2

[Event "WEM-KT 2018"]
[Site "Illertissen"]
[Date "2018.08.31"]
[Round "7"]
[White "Bildt, Maximilian"]
[Black "Maisch, Julian"]
[Result "0-1"]
[WhiteElo "2073"]
[BlackElo "2216"]
[Annotator "TA"]
[PlyCount "148"]
[EventDate "2018.08.25"]
[EventType "tourn"]
[EventCountry "GER"]
[SourceTitle "playchess.com"]
[Source "ChessBase"]
[SourceQuality "1"]

{[%evp 21,148,0,41,0,0,0,0,0,0,0,34,35,24,41,35,35,19,-8,16,31,26,0,57,0,0,0,77,0,23,16,15,-56,162,31,89,37,457,418,465,0,183,179,222,112,127,144,131,124,233,222,202,153,373,274,418,161,294,-50,-48,-51,-51,-51,-51,-51,-51,-262,-262,-262,-243,-296,-296,-296,-296,-395,-285,-395,-370,-396,-390,-386,-382,-370,-319,-273,-215,-1015,-1015,-1015,-1015,-1015,-1015,-1008,-1000,-993,-986,-979,-971,-963,-725,-29973,-29974,-29972,-29974,-29978,-29979,-29979,-29977,-29978,-29978,-29978,-29979,-29979,-29968,-29963,-29961,-29967,-29958,-29954,-5608,-4641,-4640,-29986,-29987,-29988,-29989,-29989,-29990,-29995,-29996]} 1. e4 c5 2. Nf3 e6 3. d4 cxd4 4. Nxd4 Nc6 5. Nc3 Qc7 6. Be2 a6 7. O-O Nf6 8. Kh1 Nxd4 9. Qxd4 Bc5 10. Qd3 O-O {B47: Sizilianisch (Paulsen/Taimanow-Variante)} (10... b5 11. f4 Bb7 12. Bf3 d5 13. exd5 O-O 14. Be3 Rfd8 15. Bxc5 Qxc5 16. a4 b4 17. Ne4 Nxe4 18. Bxe4 g6 19. c4 bxc3 20. Rac1 Bxd5 21. Bxd5 Rxd5 22. Qxc3 {0-1 (67) Dervishi,E (2552)-Kasimdzhanov,R (2683) Riadh 2017}) 11. f4 d6 {LiveBook: 6 Partien} (11... d5 $5) 12. Bf3 Bd7 {Die Stellung ist ausgeglichen.} 13. e5 dxe5 14. fxe5 Qxe5 15. Bxb7 Rad8 $146 ({Vorgänger:} 15... Ra7 16. Bf4 Qh5 17. Bxa6 e5 18. Bg3 e4 19. Qe2 Bg4 20. Qb5 Bd7 21. Qe2 Bg4 22. Qb5 Bd7 {½-½ (23) Kaiumov,D-Suetin,A Riga (Latvia) 1975}) 16. Bf4 Qh5 {Und weiter mit ...e5 wäre nett.} 17. Qxa6 {Droht stark Lc7.} e5 18. Bg3 Bd4 19. Bf3 Bg4 20. Qe2 Bxf3 21. Qxf3 Rb8 ({Lieber} 21... Qg6 $11) 22. Rab1 (22. Nd1 $14) 22... Rfc8 $11 23. Qd3 Rb6 (23... Bxc3 $11 {bleibt in der Remisbreite.} 24. bxc3 Ra8) 24. Na4 (24. Ne4 $16) 24... Rbc6 25. c3 $36 {[%mdl 2048] Weiss drückt.} Ba7 26. Rbd1 (26. Qf3 $11) 26... Qg4 $2 {[#]} (26... Re6 $1 $15 {behält die Oberhand.} 27. Qf5 e4 28. Qxh5 Nxh5) 27. b3 ({Bloß nicht} 27. Bxe5 $6 Qxa4 28. Qd8+ Ne8 $11) ({Weiss braucht} 27. Qd8+ $1 $18 {[%mdl 512]} Ne8 (27... Rxd8 28. Rxd8+) 28. Qd7 Qxd7 29. Rxd7) 27... h5 (27... Re8 $14) 28. Qf5 (28. h3 $16 Qe6 29. c4) 28... Ne4 $2 {[%mdl 8192]} (28... e4 $14) 29. Qxf7+ $18 Kh8 30. Qf3 $2 (30. Qxa7 $18 Rf6 31. Qg1) 30... Nxg3+ $2 (30... Rf6 $1 $11 31. Qxg4 hxg4 32. Rxf6 (32. Bxe5 Nf2+ 33. Rxf2 Rxf2 $15) 32... Nxg3+ 33. hxg3 gxf6) 31. Qxg3 e4 32. Rde1 ({Günstiger ist} 32. Qxg4 $18 hxg4 33. c4) 32... e3 $16 33. Qxg4 hxg4 34. c4 {[%cal Bc3c4,Bc4c5][%mdl 32]} g3 (34... Bd4 $16 35. g3 Rf6 36. Rxf6 gxf6) 35. c5 Re8 36. hxg3 Re5 $2 (36... Bxc5 $16 {war einen Versuch wert.} 37. Nxc5 Rxc5) 37. Rf3 e2 (37... Bxc5 $142 38. Nxc5 Rexc5 39. Rfxe3 Rc2) 38. Kg1 $2 (38. b4) 38... Re4 (38... Ra6 $142 39. Rc3 Rxa4 40. bxa4 Kh7) 39. Kf2 $2 ({Der einzige Zug:} 39. Rf5 $18) 39... Rxc5 $1 $15 {( -> ...Tf5+)} 40. Rf8+ Kh7 {[%cal Rc5f5]} 41. Nxc5 Bxc5+ {[%mdl 4096] Endspiel KTT-KTL} 42. Kf3 Re3+ 43. Kf2 $2 {[#]} (43. Kf4 $1 $15 g5+ 44. Kxg5 Bxf8 45. Kf4 Bh6+ 46. Kg4) 43... Rxb3+ $1 $19 44. Kxe2 Rb2+ 45. Kf3 {zielt auf Tf5 ab.} Rf2+ ({Finger weg von} 45... Bxf8 46. Re2 $19) 46. Kg4 Bxf8 {KTL-KT} 47. a4 Ra2 48. Re4 Rxg2 49. Kf3 Ra2 50. g4 Ra3+ 51. Kf4 Kg8 52. Ke5 Rb3 53. g5 $2 (53. Re2) 53... Rb4 54. Re2 Rxa4 55. g6 Ra5+ 56. Kf4 Bd6+ 57. Kg4 Kf8 58. Re6 Rd5 59. Kh4 Be7+ 60. Kh3 Rd6 61. Re2 Rxg6 62. Re5 Kf7 63. Re2 Bf6 64. Ra2 Rg5 65. Rf2 Kg6 66. Ra2 Kh5 67. Ra8 Rc5 68. Ra4 Rc3+ 69. Kh2 Be5+ (69... g5 $142 70. Ra2 g4 71. Kh1 Kh4 72. Kg2 Bd4 73. Rd2 Bc5 74. Kf1 Rf3+ 75. Kg2 Rg3+ 76. Kh2 Rg1 77. Rd4 {[#]} Rg2+ $1 {[%mdl 512]} 78. Kh1 Bxd4 79. Kxg2 g3 80. Kf1 Kg4 81. Ke2 g2 82. Kd3 g1=Q 83. Kc4 Ba7 84. Kb4 Qd4+ 85. Kb5 Kf5 86. Ka5 Qb2 87. Ka4 Kg4 88. Ka5 Bc5 89. Ka6 Qb6#) 70. Kh1 g5 71. Ra8 Rc2 {Schwarz setzt Matt.} 72. Re8 Bf4 73. Re6 Kg4 74. Re3 Rc1+ {Precision: Weiß = 29%, Schwarz = 45%.} 0-1

[Event "WEM-KT 2018"]
[Site "Illertissen"]
[Date "2018.08.31"]
[Round "7"]
[White "Hermann, Tobias"]
[Black "Bossinger, Patrick"]
[Result "1/2-1/2"]
[WhiteElo "2002"]
[BlackElo "2039"]
[Annotator "NA RC"]
[PlyCount "62"]
[EventDate "2018.08.25"]
[EventType "tourn"]
[EventCountry "GER"]
[SourceTitle "playchess.com"]
[Source "ChessBase"]
[SourceQuality "1"]
[TimeControl "40/6000+30:3000+30"]

{[%evp 13,60,10,13,8,43,8,27,19,50,30,77,54,100,112,130,126,113,129,133,133,32767,32767,214,32767,32767,131,168,103,124,117,130,121,128,120,32767,32767,32767,32767,32767,32767,147,152,177,145,138,131,150,110,105]} 1. c4 {[%emt 0:09:32]} Nf6 {[%emt 0:09:49]} 2. Nc3 {[%emt 0:00:04]} g6 {[%emt 0:00:57]} 3. g3 {[%emt 0:00:06]} d5 {[%emt 0:01:45]} 4. cxd5 {[%emt 0:00:39]} Nxd5 {[%emt 0:00:23]} 5. Bg2 {[%emt 0:00:06]} Nxc3 {[%emt 0:03:04]} 6. bxc3 {[%emt 0:00:57]} Bg7 {[%emt 0:01:04]} 7. Nf3 {[%emt 0:03:17] LiveBook: 169 Games} O-O {[%emt 0:02:10]} 8. O-O {[%emt 0:02:22]} Nd7 {[%emt 0:05:51]} 9. Rb1 {[%emt 0:10:17]} Nb6 {[%emt 0:02:40] A16: English Opening: 1...Nf6 with ...d5} (9... c5 10. Qa4 Qc7 11. d3 e5 12. Nd2 a6 13. c4 f5 14. Rb3 h6 15. Bb2 Kh7 16. Rb1 Ra7 17. Bc3 b6 {0-1 (55) Nielsen,P (2670)-Areshchenko,A (2664) Germany 2011}) 10. Qc2 {[%emt 0:04:02]} Bf5 {[%emt 0:08:35]} 11. d3 {[%emt 0:01:27]} Qd7 {[%emt 0:01:45]} 12. Bb2 $146 {[%emt 0:15:21]} ({Predecessor:} 12. c4 Rab8 13. Bb2 Qa4 14. Qb3 Qa5 15. Bxg7 Kxg7 16. Nd4 Bd7 17. Nb5 {1-0 (66) Wolske,G (2120)-Szeberenyi,A (2225) Balatonbereny 1997}) 12... c6 {[%emt 0:17:42]} 13. c4 {[%emt 0:07:01]} Rab8 {[%emt 0:01:50]} 14. c5 {[%emt 0:14:39]} Na8 {[%emt 0:00:32]} 15. Bxg7 {[%emt 0:01:29]} Kxg7 {[%emt 0:00:25]} 16. Rb4 {[%emt 0:00:14]} Qc7 {[%emt 0:20:30]} 17. Rfb1 {[%emt 0:00:30]} b5 {[%emt 0:00:30]} (17... b6 $16 18. Qb2+ f6) 18. cxb6 {[%emt 0:00:30]} Rxb6 {[%emt 0:00:30]} 19. Nd4 {[%emt 0:00:30]} c5 {[%emt 0:00:30]} 20. Bxa8 {[%emt 0:00:30]} (20. Nxf5+ $18 gxf5 21. Rxb6 axb6 22. Qc3+ Kg8 23. Qa3) 20... Rxa8 {[%emt 0:00:30]} 21. Nxf5+ {[%emt 0:00:30]} gxf5 {[%emt 0:00:30]} 22. Rc4 {[%emt 0:00:30]} Qe5 {[%emt 0:00:30]} 23. Rb3 {[%emt 0:00:30]} Qe6 {[%emt 0:00:30]} 24. Rxc5 {[%emt 0:00:30]} Rxb3 {[%emt 0:00:30]} 25. axb3 {[%emt 0:00:30]} Rb8 {[%emt 0:00:30]} 26. Rc4 {[%emt 0:00:30]} Rb6 {[%emt 0:00:30]} 27. b4 {[%emt 0:00:30]} Ra6 {[%emt 0:00:30]} 28. Qc3+ {[%emt 0:00:30]} f6 {[%emt 0:00:30]} 29. Qb2 {[%emt 0:00:30]} Rb6 {[%emt 0:00:30]} 30. Qa2 $16 {[%emt 0:00:30]} Ra6 {[%emt 0:00:30]} 31. Qb2 {[%emt 0:00:30]} Rb6 {[%emt 0:00:30]} 1/2-1/2